MARC

Tag First Indicator Second Indicator Subfields
LEADER 00000cas a2200000 a 4500
001 in00001746900
005 20211202194706.0
006 m d f
007 cr gnu
008 970318c19909999tnuar s f0 0eng d
010 |a sn 96020424  
022 |a 1050-6101 
035 |a (OCoLC)ocm36571615 
040 |a COO  |c DLC  |d OCL  |d AGL  |d IUL  |d OCLCQ  |d GPO  |d MvI  |d UtOrBLW 
042 |a lcd 
049 |a WWW 
050 4 |a QH447  |b .H91a 
070 0 |a QH447  |b .H852 
072 0 |a X300 
074 |a 0429-G-02 (online) 
086 0 |a E 1.99/3: 
130 0 |a Human genome news (Online) 
245 1 0 |a Human genome news. 
246 1 3 |a HGN 
264 1 |a Oak Ridge, TN :  |b Oak Ridge National Laboratory,  |c 1990- 
336 |a text  |b txt  |2 rdacontent 
337 |a computer  |b c  |2 rdamedia 
338 |a online resource  |b cr  |2 rdacarrier 
362 0 |a Vol. 2, no. 1 (May 1990)- 
310 |a Annual,  |b 2000- 
321 |a Frequency varies,  |b 1990-1999 
516 8 |a HTML and PDF formats 
538 |a System requirements: Adobe Acrobat Reader. 
538 |a Mode of access: Internet at the ORNL web site. Address as of 8/6/03: http://www.ornl.gov/TechResources/Human_Genome/publicat/hgn/hgn.html; current access available via PURL. 
500 |a Title from title screen (viewed on Apr. 14, 2003). 
500 |a Latest issue consulted: volume 12, nos. 1-2 (Feb. 2002). 
520 |a Human genome news is a newsletter of the U.S. Human Genome Project sponsored by the genome program of the Department of Energy Office of Environmental Research. 
530 |a Online version of paper publication. 
550 |a Prepared May 1990, <1992-> at the request of DOE Office of Health and Environmental Research and the NIH Natioanl Center for Human Genome Research by the Biomedical and Environmental Information Analysis Section of the Health and Safety Research Division (<1994-> Health Sicences Research Division) at Oak Ridge National Laboratory; prepared 199 -Oct. 1999 by the [Toxicology and Risk Analysis Section of the Life Sciences Division at Oak Ridge National Laboratory]; prepared Nov. 2000- by the Life Sciences Division at Oak Ridge National Laboratory. 
580 |a Continues microfiche version. 
500 |a Electronic resource. 
650 0 |a Human genome  |v Periodicals. 
776 1 |t Human genome news  |x 1050-6101  |w (DLC)sf 96092659(OCoLC)21569225 
780 0 0 |t Human genome news  |w (DLC)sn 95027720  |w (OCoLC)33094314 
710 2 |a Oak Ridge National Laboratory.  |b Health Sciences Research Division.  |b Biomedical and Environmental Information Analysis Section. 
710 2 |a Oak Ridge National Laboratory. 
710 2 |a Oak Ridge National Laboratory.  |b Health and Safety Research Division.  |b Biomedical and Environmental Information Analysis Section. 
710 2 |a Oak Ridge National Laboratory.  |b Toxicology and Risk Analysis Section. 
710 2 |a Oak Ridge National Laboratory.  |b Life Sciences Division. 
710 2 |a Human Genome Project. 
710 2 |a National Center for Human Genome Research (U.S.) 
710 1 |a United States.  |b Department of Energy.  |b Office of Health and Environmental Research.  |b Human Genome Program. 
850 |a NIC 
856 4 0 |u https://purl.fdlp.gov/GPO/LPS2056  |t 0 
999 |a MARS 
999 f f |s aeaa0336-0dc8-30bc-9c88-19d03be05b6d  |i 22b24cb3-5fd6-387a-a830-ba84f3bcf98d  |t 0 
952 f f |a Texas A&M University  |b College Station  |c Electronic Resources  |d Available Online  |t 0  |e E 1.99/3:  |h Superintendent of Documents classification 
998 f f |a E 1.99/3:  |t 0  |l Available Online